[Event "AUTO-ELITE-2501"]
[Site "http://www.queenalice.com/game.php?id=1823575"]
[Date "2023.10.22"]
[Round "1"]
[White "CAPABLANCA79"]
[Black "delphicoracle"]
[Result "1-0"]
[WhiteElo "2501"]
[BlackElo "2557"]

1. e4 c5 2. Nf3 Nc6 3. Bb5 d6 4. O-O Bd7 5. Re1 Nf6 6. c3 a6 7. Bf1 Bg4 8. h3
Bxf3 9. Qxf3 g6 10. d3 Bg7 11. Be3 O-O 12. Nd2 b5 13. Rac1 e5 14. g3 Qe7 15. h4
Qe6 16. a3 Rfb8 17. Qh1 Qa2 18. Rc2 Ng4 19. Bh3 Nxe3 20. fxe3 Na5 21. Kg2 Nb3
22. Nf3 Rb7 23. h5 Bf6 24. Rf2 b4 25. hxg6 hxg6 26. Be6 fxe6 27. Qh6 Rg7 28. Rh1
1-0

[Event "AUTO-ELITE-2501"]
[Site "http://www.queenalice.com/game.php?id=1823580"]
[Date "2023.10.22"]
[Round "1"]
[White "CAPABLANCA79"]
[Black "tariann"]
[Result "1-0"]
[WhiteElo "2474"]
[BlackElo "2239"]

1. e4 e5 2. Nf3 Nc6 3. Bb5 Nf6 4. d3 d6 5. O-O Be7 6. c3 O-O 7. Re1 h6 8. Nbd2
a6 9. Ba4 Bg4 10. h3 Bh5 11. Nf1 Re8 12. Ng3 Bg6 13. Nh4 Bh7 14. Nhf5 Bxf5 15.
Nxf5 Bf8 16. Qf3 Qd7 17. Nxh6+ gxh6 18. Qxf6 Re6 19. Qf5 Qe7 20. Bb3 Rf6 21. Qh5
Na5 22. Bd1 Nc6 23. Re3 Rg6 24. Bb3 Kh7 25. Qf5 Qf6 26. Bxf7 Qxf5 27. exf5 Rf6
28. Be6 Nd8 29. Bd5 c6 30. Bf3 1-0

[Event "AUTO-ELITE-2501"]
[Site "http://www.queenalice.com/game.php?id=1823581"]
[Date "2023.10.22"]
[Round "1"]
[White "tariann"]
[Black "CAPABLANCA79"]
[Result "0-1"]
[WhiteElo "2253"]
[BlackElo "2470"]

1. e4 c5 2. Nf3 d6 3. d4 cxd4 4. Nxd4 Nf6 5. c4 Nxe4 6. Bd3 Nc5 7. Nc3 g6 8. O-O
Bg7 9. Nb3 Nxd3 10. Qxd3 Nc6 11. Re1 O-O 12. Bg5 Be6 13. Rad1 Ne5 14. Qe4 Bxc4
15. Qxb7 Re8 16. Nd4 Rb8 17. Qe4 Rxb2 18. f4 f5 19. Qe3 Ng4 20. Qg3 Qb6 0-1

[Event "AUTO-OPEN-4400"]
[Site "http://www.queenalice.com/game.php?id=1828354"]
[Date "2024.1.2"]
[Round "2"]
[White "pomar"]
[Black "CAPABLANCA79"]
[Result "0-1"]
[WhiteElo "1923"]
[BlackElo "2468"]

1. f3 e5 2. Kf2 d5 3. e3 Bd6 4. c4 d4 5. d3 dxe3+ 6. Bxe3 Nh6 7. Nc3 Nf5 8. Qd2
Nc6 9. g3 b6 10. Kg2 Nxe3+ 11. Qxe3 Nd4 12. Rc1 Bb7 13. Nce2 Nf5 14. Qd2 Bc5 15.
h4 Be3 16. Qc3 Qf6 17. Re1 O-O-O 18. Nh3 Nxh4+ 19. gxh4 Qxf3+ 20. Kh2 Qxh1+ 21.
Kg3 Qf3+ 22. Kh2 Bf2 23. Nxf2 Qxf2+ 24. Kh3 Kb8 25. Kg4 Qf3+ 0-1

[Event "AUTO-OPEN-4400"]
[Site "http://www.queenalice.com/game.php?id=1828355"]
[Date "2024.1.2"]
[Round "2"]
[White "CAPABLANCA79"]
[Black "pomar"]
[Result "1-0"]
[WhiteElo "2469"]
[BlackElo "1921"]

1. e4 e6 2. d4 d5 3. Nc3 Bb4 4. e5 c5 5. a3 cxd4 6. axb4 dxc3 7. Qg4 cxb2 8.
Bxb2 g6 9. Bd3 Ne7 10. Nf3 Qb6 11. O-O a5 12. Qf4 Bd7 13. Qf6 Rf8 14. Ba3 Ng8
15. Qg7 axb4 16. Bxb4 Qxb4 17. Rxa8 Ke7 18. Ng5 h6 19. Rxb8 Rxb8 20. Qxf7+ Kd8
21. Qxg8+ Kc7 22. Nxe6+ Bxe6 23. Qxe6 d4 24. Qf7+ Kd8 25. Bxg6 Qb5 26. Qf6+ 1-0

[Event "AUTO-ELITE-2475"]
[Site "http://www.queenalice.com/game.php?id=1829907"]
[Date "2024.1.22"]
[Round "2"]
[White "Canuma"]
[Black "CAPABLANCA79"]
[Result "0-1"]
[WhiteElo "2696"]
[BlackElo "2477"]

1. e4 c5 2. Nf3 d6 3. d4 cxd4 4. Nxd4 Nf6 5. Nc3 a6 6. a4 e5 7. Nf3 Be7 8. Be2
Be6 9. O-O h6 10. Be3 O-O 0-1

[Event "AUTO-ELITE-2475"]
[Site "http://www.queenalice.com/game.php?id=1829908"]
[Date "2024.1.22"]
[Round "2"]
[White "CAPABLANCA79"]
[Black "Canuma"]
[Result "1-0"]
[WhiteElo "2489"]
[BlackElo "2684"]

1. e4 c5 2. Nf3 Nc6 3. Bb5 a6 4. Bxc6 dxc6 5. O-O Qc7 6. a4 Bg4 7. d3 e5 8. h3
Bxf3 9. Qxf3 Nf6 10. a5 Be7 11. Nd2 1-0

[Event "AUTO-ELITE-2501"]
[Site "http://www.queenalice.com/game.php?id=1841459"]
[Date "2024.8.5"]
[Round "2"]
[White "ichtus"]
[Black "CAPABLANCA79"]
[Result "1/2-1/2"]
[WhiteElo "2846"]
[BlackElo "2538"]

1. d4 Nf6 2. Nf3 d5 3. Bg5 Ne4 4. Bh4 h5 5. h3 c5 6. dxc5 Na6 7. e3 Naxc5 8. c3
a6 9. b4 g5 10. Nxg5 Nxg5 11. bxc5 Ne4 12. Nd2 Nxc3 13. Qc2 Bg7 14. Bd3 Qa5 15.
O-O Qa4 16. Qxa4+ Nxa4 17. Rac1 Bd7 18. Rc2 Rh6 19. Nb3 Rc8 20. Rfc1 Rhc6 21.
Bg3 Bb2 22. Rb1 Bc3 23. f3 b5 24. cxb6 Rxb6 25. Bf2 e6 26. Rbc1 Bb5 27. Bxb5+
axb5 28. e4 Rd6 29. Bc5 Rxc5 30. Nxc5 Bd4+ 31. Kf1 Bxc5 32. Rxc5 Nxc5 33. Rxc5
dxe4 34. fxe4 Rd4 35. Rxh5 Rxe4 36. Rxb5 Ra4 37. Rb2 Ke7 38. Ke2 f5 39. Kf2 Kf6
40. g3 e5 41. h4 e4 42. Ke3 1/2-1/2

[Event "AUTO-ELITE-2465"]
[Site "http://www.queenalice.com/game.php?id=1845823"]
[Date "2024.10.20"]
[Round "2"]
[White "bishop55"]
[Black "CAPABLANCA79"]
[Result "1/2-1/2"]
[WhiteElo "2551"]
[BlackElo "2531"]

1. e4 c5 2. Nf3 d6 3. d4 cxd4 4. Nxd4 Nf6 5. Nc3 a6 6. f3 e5 7. Nb3 Be6 8. Be3
h5 9. Qd2 Nbd7 10. Nd5 Bxd5 11. exd5 g6 12. O-O-O Nb6 13. Kb1 Nbxd5 14. Bg5 Be7
15. Bd3 Qc7 16. c4 Nb6 17. Rc1 Nbd7 18. Rhe1 O-O-O 1/2-1/2

[Event "AUTO-ELITE-2465"]
[Site "http://www.queenalice.com/game.php?id=1845824"]
[Date "2024.10.20"]
[Round "2"]
[White "CAPABLANCA79"]
[Black "bishop55"]
[Result "1/2-1/2"]
[WhiteElo "2531"]
[BlackElo "2551"]

1. e4 c5 2. Nf3 d6 3. d4 cxd4 4. Nxd4 Nf6 5. Nc3 a6 6. f3 e5 7. Nb3 Be6 8. Be3
h5 9. Nd5 Bxd5 10. exd5 Nbd7 11. Qd2 g6 12. O-O-O Nb6 13. Qa5 Bh6 14. Bxh6 Rxh6
15. Qd2 Rh8 16. f4 exf4 17. Qxf4 Kf8 18. Bd3 Kg7 1/2-1/2

[Event "AUTO-ELITE-2480"]
[Site "http://www.queenalice.com/game.php?id=1855816"]
[Date "2025.4.19"]
[Round "2"]
[White "DIVYA99"]
[Black "CAPABLANCA79"]
[Result "1/2-1/2"]
[WhiteElo "2516"]
[BlackElo "2538"]

1. e4 c5 2. Nf3 d6 3. d4 cxd4 4. Nxd4 Nf6 5. Nc3 a6 6. f3 e5 7. Nb3 Be6 8. Be3
h5 9. Qd2 Nbd7 10. Nd5 Bxd5 11. exd5 g6 12. O-O-O Nb6 1/2-1/2

[Event "AUTO-ELITE-2480"]
[Site "http://www.queenalice.com/game.php?id=1855817"]
[Date "2025.4.19"]
[Round "2"]
[White "CAPABLANCA79"]
[Black "DIVYA99"]
[Result "1/2-1/2"]
[WhiteElo "2538"]
[BlackElo "2516"]

1. e4 c5 2. Nf3 d6 3. d4 cxd4 4. Nxd4 Nf6 5. Nc3 a6 6. Be3 e5 7. Nb3 Be6 8. f3
h5 9. Nd5 Bxd5 10. exd5 Nbd7 11. Qd2 g6 12. O-O-O 1/2-1/2